Normal view
MARC view
- Bhatti, Akhtar K.
Entry Personal Name
001 - CONTROL NUMBER
- control field: 27993
003 - CONTROL NUMBER IDENTIFIER
- control field: NUST
005 - DATE AND TIME OF LATEST TRANSACTION
- control field: 20200125142155.0
008 - FIXED-LENGTH DATA ELEMENTS
- fixed length control field: 200125|| aca||aabn | a|a d
040 ## - CATALOGING SOURCE
- Original cataloging agency: NUST
- Transcribing agency: NUST
100 ## - HEADING--PERSONAL NAME
- Personal name: Bhatti, Akhtar K.
670 ## - SOURCE DATA FOUND
- Source citation: Work cat.: (NUST): Bhatti, Akhtar K., The Holy Quran on Environment / , 1995.
